| 000 | 00874nam a2200289 i 4500 | ||
|---|---|---|---|
| 001 | 18874 | ||
| 003 | ES-MaACL | ||
| 005 | 20230906151937.0 | ||
| 007 | t| | ||
| 008 | 020405s2001 sp ||||1| spa d | ||
| 020 | _a84-85631-83-8 | ||
| 080 | _a130.2"19" | ||
| 080 | _a316.4.052 | ||
| 100 | 1 |
_aZerzan, John. _9118209 |
|
| 245 | 1 | 0 |
_aMalestar en el tiempo / _cJohn Zerzan ; [traducción y prólogo, Moisés Ramírez]. |
| 250 | _a1ª ed. en castellano. | ||
| 260 |
_aVitoria-Gasteiz : _bIkusager, _c2001. |
||
| 300 |
_a188 p. ; _c24 cm. |
||
| 490 | 1 |
_aCorrería ; _v12. _aEnsayo |
|
| 504 | _aBibliografía: p. [177]-188. | ||
| 650 | 0 | 4 |
_aCivilización- _xFilosofía. _911081 |
| 650 | 4 |
_aGlobalización. _913125 |
|
| 700 | 1 |
_aRamírez, Moisés. _995104 |
|
| 830 | 1 |
_aCorrería ; _v12. _aEnsayo _9228836 |
|
| 852 |
_aES-MaACL _jL-25355 |
||
| 999 |
_c18874 _d18874 |
||